01219cam a22003614i 4500003000900000005001700009008004100026035001900067040003300086082002400119100003700143245006600180264006100246300005500307336002100362337002500383338002300408504002800431505022000459526001000679526001000689526001000699526001000709526000800719526000800727526000800735526000800743526000800751526000800759526000800767541002100775650006100796PE-LiUPU20250731172933.0150623s1994 pe a rb 000 0 spa d a(Sirsi) a20584 aPE-LiUPUbspacPE-LiUPUerda04a286.732085bJ172211 aJaimes Zubieta, Rubén,eautor.11a¿Crisis en la iglesia Adventista? /cRubén Jaimes Zubieta. 1aArequipa, Perú :bTipografía Offset García,c1994. a210 páginas :bilustraciones ;c21 centímetros atext2rdacontent aunmediated2rdamedia avolume2rdacarrier aIncluye bibliografía.0 aLa iglesia adventista del séptimo día y su administración -- Las disidencias en la IASD y la disidencia asociacionista en el Perú -- La crisis asociacionista de 1968 -- Conclusiones lecciones y reflexiones.. aSEG42 aSEG41 aSEG40 aSEG39 aP94 aP87 aP86 aP85 aP77 aP76 aP35 FT00068, FT00067.04aAdventistas del Séptimo díaxHistoriazPerúy1968.